| 000 | 00625nam a2200229Ia 4500 | ||
|---|---|---|---|
| 003 | OSt | ||
| 005 | 20220928103335.0 | ||
| 006 | a|||||r|||| 00| 0 | ||
| 007 | ta | ||
| 008 | 220927b |||||||| |||| 00| 0 eng d | ||
| 024 | _a39940 | ||
| 037 | _cTextual | ||
| 040 |
_aSDCL _cSDCL _beng |
||
| 041 |
_2eng _aeng |
||
| 082 | _aXM2.58'N8, M3 | ||
| 100 |
_aCommunist Ed. _9403575 |
||
| 245 | 0 |
_aSoviet union _b Socialist or social-imperialist ? |
|
| 260 |
_aChicago _bRCP Publications _c1983 |
||
| 300 |
_a210p _ccm. |
||
| 942 |
_hXM2.58'N8, M3 _cTEXL _2CC |
||
| 999 |
_c719354 _d719354 |
||